000
00272nam a2200109 4500
008
160623b xxu||||| |||| 00| 0 eng d
100
_9
778
_a
Speare, E.G
245
_a
The Bronze Bow
260
_a
Boston
_b
Houghton Miffin
_c
1961
300
_a
The Bronze Bow
942
_2
ddc
_c
BK
999
_c
622
_d
622